Chữ Quốc ngữ và cuộc cách mạng chữ viết đầu thế kỷ 20

Saved in:
Bibliographic Details
Main Author: Hoàng, Tiến
Format: Book
Language:Undetermined
Published: Hà Nội Thanh niên 2003
Subjects:
Tags: Add Tag
No Tags, Be the first to tag this record!
Institutions: Trung tâm Học liệu Trường Đại học Cần Thơ
LEADER 00598nam a2200193Ia 4500
001 CTU_60642
008 210402s9999 xx 000 0 und d
020 |b 29000 
082 |a 495.92209 
082 |b T305 
100 |a Hoàng, Tiến 
245 0 |a Chữ Quốc ngữ và cuộc cách mạng chữ viết đầu thế kỷ 20 
245 0 |c Hoàng Tiến 
260 |a Hà Nội 
260 |b Thanh niên 
260 |c 2003 
650 |a Vietnamese language,Historical linguistics 
904 |i Minh, Năm 
980 |a Trung tâm Học liệu Trường Đại học Cần Thơ